[Event "Open de Provence"]
[Site "Meyreuil"]
[Date "2009.07.11"]
[Round "7.13"]
[White "Derien, Robert"]
[Black "Colandrea, Sauveur"]
[Result "1-0"]
[WhiteElo "1801"]
[BlackElo "1901"]
[PlyCount "157"]

1. e4 c5 2. Nf3 e6 3. c4 Nc6 4. Nc3 Nf6 5. d3 Be7 6. Be2 d5 7. exd5 exd5 8.
cxd5 Nxd5 9. Nxd5 Qxd5 10. O-O O-O 11. Bd2 Bf5 12. Bc3 Rad8 13. Qa4 Bxd3 14.
Bxd3 Qxd3 15. Rfe1 Qg6 16. Re3 Bf6 17. Rae1 Bxc3 18. bxc3 h6 19. h3 Rd3 20. Qc4
Rxe3 21. Rxe3 b6 22. Nh4 Qf6 23. Qe4 Rd8 24. Nf5 Rd2 25. a4 Nd8 26. Rf3 Qe6 27.
Qh4 Rd1+ 28. Kh2 Qe5+ 29. Qg3 Qxg3+ 30. Rxg3 g6 31. Nxh6+ Kh7 32. Ng4 Ne6 33.
Nf6+ Kg7 34. Ne8+ Kf8 35. Nf6 Ra1 36. Rg4 Ra3 37. Rc4 Ke7 38. Nd5+ Kd6 39. Nf6
a6 40. Rh4 Kc6 41. Ng4 Rxc3 42. Ne5+ Kd5 43. Nxf7 b5 44. axb5 axb5 45. Rg4 b4
46. Rxg6 b3 47. Rg8 Rc4 48. Rg3 Rb4 49. Rd3+ Ke4 50. Rd1 b2 51. Rb1 c4 52. Nd6+
Kd5 53. Nf5 Ke4 54. Ne3 Kd3 55. h4 c3 56. Rd1+ Ke2 57. Rb1 Kxf2 58. Nd1+ Ke1
59. Nxc3+ Kd2 60. Nd1 Rxh4+ 61. Kg3 Rh1 62. Rxb2+ Kc1 63. Rb6 Rh6 64. Ne3 Kd2
65. Ng4 Rg6 66. Rb2+ Kc3 67. Rf2 Ng5 68. Rf4 Re6 69. Kh4 Ne4 70. Rf8 Re7 71.
Nf6 Kd4 72. g4 Nd6 73. Kh5 Ke5 74. Kg6 Ra7 75. Ne8 Ra8 76. Nf6 Ra7 77. Nh5 Rb7
78. g5 Nf5 79. Rxf5+ 1-0

[Event "Open de Provence"]
[Site "Meyreuil"]
[Date "2009.07.11"]
[Round "7.14"]
[White "Del Vecchio, Alain"]
[Black "Burmonas, Romain"]
[Result "0-1"]
[WhiteElo "1900"]
[BlackElo "1611"]
[PlyCount "106"]

1. e4 d5 2. exd5 Qxd5 3. Nc3 Qd6 4. g3 Nf6 5. Bg2 Bg4 6. Nf3 Nc6 7. h3 Bh5 8.
g4 Bg6 9. d3 a6 10. Be3 e5 11. Qd2 Be7 12. O-O-O O-O-O 13. Ng5 h5 14. Nge4 Bxe4
15. Nxe4 Nxe4 16. Bxe4 Kb8 17. f4 Qe6 18. Bxc6 Qxc6 19. fxe5 hxg4 20. d4 gxh3
21. d5 Qa4 22. Kb1 Rh5 23. Qc3 Qe4 24. Bd4 h2 25. Qc4 Qf3 26. d6 cxd6 27. Rdf1
d5 28. Rxf3 dxc4 29. c3 f6 30. Bb6 Rd5 31. exf6 Bxf6 32. Kc2 Rd6 33. Be3 Kc8
34. Rf2 Be5 35. Rf8+ Kd7 36. Rf7+ Kc6 37. Rf8 Rd7 38. Rc8+ Rc7 39. Re8 Kd7 40.
Rf8 Ke7 41. Rf2 Ke6 42. Re2 Kf7 43. Rf2+ Kg8 44. Rd2 Rf7 45. Rd5 g6 46. Rd8+
Kh7 47. Rdd1 g5 48. Rde1 g4 49. Re2 g3 50. Rg2 Rhf5 51. Kd2 Rf1 52. Rgg1 Rxg1
53. Bxg1 g2 0-1

[Event "Open de Provence"]
[Site "Meyreuil"]
[Date "2009.07.11"]
[Round "7.15"]
[White "Benali, Boubaker"]
[Black "Vighetti, Patrice"]
[Result "1/2-1/2"]
[WhiteElo "1770"]
[BlackElo "1690"]
[PlyCount "86"]

1. d4 d5 2. c4 c6 3. Nc3 Nf6 4. Nf3 e6 5. Bg5 Nbd7 6. cxd5 cxd5 7. e3 a6 8. Bd3
Bd6 9. Rc1 O-O 10. O-O Qa5 11. a3 h6 12. Bh4 b5 13. Bg3 Bxg3 14. hxg3 Bb7 15.
Nd2 e5 16. Bf5 exd4 17. Nb3 Qb6 18. Nxd4 Ne5 19. b3 Rfd8 20. Qd2 Qd6 21. Qb2
Ne4 22. Bxe4 dxe4 23. Qa1 Nd3 24. Rcd1 Qg6 25. Nce2 Rac8 26. Rd2 Qg5 27. Rfd1
Qf6 28. Nf4 Nxf4 29. gxf4 g6 30. b4 Bd5 31. Rc1 Rxc1+ 32. Qxc1 Bc4 33. a4 Qb6
34. axb5 axb5 35. Qa3 Qb7 36. Rd1 Ra8 37. Qc3 Rd8 38. Ra1 Ra8 39. Ra3 Rxa3 40.
Qxa3 Kg7 41. Qc3 Kg8 42. Qa3 Kg7 43. Qc3 Kg8 1/2-1/2

[Event "Open de Provence"]
[Site "Meyreuil"]
[Date "2009.07.11"]
[Round "7.16"]
[White "Nicolai, Eric"]
[Black "Estevez, Ange"]
[Result "1/2-1/2"]
[WhiteElo "1700"]
[BlackElo "1640"]
[PlyCount "101"]

1. c4 Nf6 2. Nc3 e5 3. Nf3 d6 4. g3 b6 5. Bg2 Bb7 6. O-O Nbd7 7. d4 Be7 8. d5
a5 9. e4 Nc5 10. Ne1 Bc8 11. f4 Bg4 12. Qc2 Qd7 13. Nd3 Nxd3 14. Qxd3 Bh3 15.
f5 Bxg2 16. Kxg2 h5 17. h3 Rg8 18. Bd2 g6 19. Qf3 O-O-O 20. Rf2 g5 21. g4 hxg4
22. hxg4 Rg7 23. Rh1 Rdg8 24. Kg3 Rh7 25. Rfh2 Rxh2 26. Rxh2 Qe8 27. Qh1 Kb7
28. Kf3 Kc8 29. b3 Kb7 30. a3 Nd7 31. Be3 Nb8 32. b4 axb4 33. axb4 Na6 34. b5
Nc5 35. Bxc5 dxc5 36. Rh7 Qf8 37. Qh2 f6 38. Qh1 Rg7 39. Rh2 Qf7 40. Rh8 Rg8
41. Rh2 Qg7 42. Ke3 Qf8 43. Kd3 Qf7 44. Ne2 Qe8 45. Ng3 Qa8 46. Qc1 Rh8 47.
Rxh8 Qxh8 48. Nh5 Qa8 49. Qb2 Qa4 50. Qe2 Qb3+ 51. Kd2 1/2-1/2

[Event "Open de Provence"]
[Site "Meyreuil"]
[Date "2009.07.11"]
[Round "7.17"]
[White "Scamaroni, Jean-Paul"]
[Black "Noireaut, Hoan"]
[Result "1-0"]
[WhiteElo "1830"]
[BlackElo "1500"]
[PlyCount "69"]

1. d4 d5 2. c4 e6 3. Nc3 c6 4. Nf3 f5 5. cxd5 cxd5 6. Bg5 Nf6 7. e3 a6 8. Bd3
Be7 9. O-O O-O 10. Ne5 Ne4 11. Bxe7 Qxe7 12. Rc1 Nd7 13. Nxd7 Bxd7 14. Bxe4
fxe4 15. Qb3 Bc6 16. Rfe1 Qh4 17. g3 Qh3 18. Rc2 Rf6 19. Rce2 Rh6 20. f4 exf3
21. Rf2 Rf8 22. Qb4 Rhf6 23. Na4 Bb5 24. Rc1 h5 25. Nc3 h4 26. Qd6 Rg6 27. Nxd5
Rxg3+ 28. hxg3 hxg3 29. Qxf8+ Kxf8 30. Rc8+ Kf7 31. Rxf3+ Kg6 32. Nf4+ Kg5 33.
Nxh3+ Kg4 34. Kg2 Bc6 35. Rxc6 1-0

[Event "Open de Provence"]
[Site "Meyreuil"]
[Date "2009.07.11"]
[Round "7.18"]
[White "Navarro, Bertrand"]
[Black "Jean, Nicolas"]
[Result "1-0"]
[WhiteElo "1790"]
[BlackElo "1680"]
[PlyCount "93"]

1. e4 e5 2. Nf3 Nc6 3. Bb5 d6 4. d4 Bd7 5. O-O Nf6 6. Bg5 Be7 7. Nc3 h6 8. Bh4
g5 9. Bg3 g4 10. dxe5 gxf3 11. exf6 fxg2 12. Re1 Bxf6 13. Bxc6 Bxc6 14. e5 dxe5
15. Qe2 Qe7 16. Ne4 Bg7 17. Qg4 O-O 18. Bh4 Qe6 19. Nf6+ Kh8 20. Qh5 e4 21. Re3
Rad8 22. Rae1 Rd2 23. Nxe4 Bxe4 24. Rxe4 Qg6 25. Qc5 Qb6 26. Qxb6 axb6 27. Rc4
c6 28. Rb4 b5 29. c4 bxc4 30. Rxc4 Rxb2 31. Re7 f5 32. a4 f4 33. Kxg2 f3+ 34.
Kh3 Bf6 35. Re8 Bg7 36. Rxf8+ Bxf8 37. Bf6+ Bg7 38. Bxb2 Bxb2 39. Kg4 Ba3 40.
Kxf3 Kg7 41. Kg4 b5 42. Rxc6 bxa4 43. Ra6 Bc5 44. f4 a3 45. Kf5 Bb4 46. Ra7+
Kg8 47. Kg6 1-0

[Event "Open de Provence"]
[Site "Meyreuil"]
[Date "2009.07.11"]
[Round "7.19"]
[White "Montanelli, Tristan"]
[Black "Noireaut, Hung"]
[Result "0-1"]
[WhiteElo "1638"]
[BlackElo "1746"]
[PlyCount "54"]

1. f4 d5 2. Nf3 Nf6 3. e3 c5 4. c3 Bf5 5. d3 Nc6 6. Nbd2 e6 7. Be2 Be7 8. O-O
O-O 9. Nh4 Bg6 10. Nxg6 hxg6 11. e4 d4 12. c4 Nd7 13. Nf3 e5 14. fxe5 Ndxe5 15.
Nxe5 Nxe5 16. Bf3 g5 17. Bg4 g6 18. Qe2 Kg7 19. Bd2 Rh8 20. h3 Qc7 21. Rf2 Nxg4
22. Qxg4 Rh4 23. Qf3 Rf8 24. g4 f6 25. Raf1 Bd6 26. Bxg5 fxg5 27. Qxf8+ Bxf8
0-1

[Event "Open de Provence"]
[Site "Meyreuil"]
[Date "2009.07.11"]
[Round "7.20"]
[White "Benezra, David"]
[Black "Aubry, Michel"]
[Result "1/2-1/2"]
[WhiteElo "1440"]
[BlackElo "1499"]
[PlyCount "87"]

1. e4 e5 2. Nf3 Nc6 3. d4 exd4 4. Nxd4 d6 5. Nxc6 bxc6 6. Nc3 Be7 7. Be3 Nf6 8.
Qd2 O-O 9. O-O-O a5 10. a3 Ba6 11. f4 Bxf1 12. Rdxf1 Qc8 13. h4 Ng4 14. f5 Nxe3
15. Qxe3 Bf6 16. h5 h6 17. g4 Bg5 18. Rf4 Qb7 19. Kb1 Rab8 20. b3 Rfe8 21. Qg3
Bxf4 22. Qxf4 f6 23. Re1 Qa6 24. a4 Qc4 25. Re3 Re5 26. Kc1 Qc5 27. Nd1 Qa3+
28. Kd2 Rb4 29. Rc3 Rexe4 30. Qf3 Rbd4+ 31. Rd3 c5 32. Nc3 Rf4 33. Qc6 Rf2+ 34.
Ne2 Qb4+ 35. c3 Rxd3+ 36. Kxd3 Qb8 37. Qd5+ Kh7 38. Qf7 Qg8 39. Qg6+ Kh8 40.
Ke3 Rh2 41. c4 Qa8 42. Nf4 Rb2 43. Nd5 Rxb3+ 44. Kf4 1/2-1/2

[Event "Open de Provence"]
[Site "Meyreuil"]
[Date "2009.07.11"]
[Round "7.21"]
[White "Benezra, Amos"]
[Black "Giry, Valentin"]
[Result "0-1"]
[WhiteElo "1410"]
[BlackElo "1370"]
[PlyCount "60"]

1. e4 c5 2. d4 cxd4 3. c3 dxc3 4. Nxc3 Nc6 5. Nf3 e6 6. Bc4 a6 7. a4 Nf6 8. O-O
Bb4 9. e5 Ng4 10. Na2 Bc5 11. Bf4 O-O 12. Bg3 b6 13. h3 Nh6 14. Bh4 Qc7 15. Re1
Nf5 16. Bg5 d5 17. exd6 Qxd6 18. Qc2 h6 19. Rad1 Qc7 20. Bd2 Bb7 21. Bc3 Rfd8
22. b4 Be7 23. b5 axb5 24. axb5 Na5 25. Bxa5 Rxa5 26. Rxd8+ Bxd8 27. Ne5 Nd6
28. Rd1 Nxc4 29. Qxc4 Bd5 30. Qd4 Bf6 0-1

[Event "Open de Provence"]
[Site "Meyreuil"]
[Date "2009.07.11"]
[Round "7.22"]
[White "Chazeau, Laineur-Lothaire"]
[Black "Bizien, Antoine"]
[Result "1-0"]
[WhiteElo "1650"]
[BlackElo "1400"]
[PlyCount "77"]

1. d4 f5 2. Bf4 e6 3. e3 d5 4. Nf3 Nf6 5. Ne5 c6 6. Nd2 Nbd7 7. Ndf3 Nxe5 8.
Bxe5 Be7 9. Bd3 O-O 10. h3 Bd7 11. Qe2 Be8 12. Nd2 Bd6 13. f4 Bh5 14. Qf2 Bxe5
15. dxe5 Ne4 16. Nxe4 fxe4 17. Bf1 c5 18. g4 Bg6 19. O-O-O h5 20. Be2 h4 21. g5
Qb6 22. Qxh4 d4 23. Qf2 dxe3 24. Qxe3 Rac8 25. h4 c4 26. Qxb6 axb6 27. h5 Be8
28. Bg4 Rc6 29. Rhf1 Rf7 30. Rde1 Rf5 31. Rxe4 Kh7 32. Rd4 Rf8 33. Bf3 Rc7 34.
g6+ Kh6 35. Bg4 Bd7 36. Rfd1 Bc8 37. Kd2 Rd7 38. Rxd7 Bxd7 39. Ke3 1-0

[Event "Open de Provence"]
[Site "Meyreuil"]
[Date "2009.07.11"]
[Round "8.1"]
[White "Nakache, Jonathan"]
[Black "Guidarelli, Laurent"]
[Result "0-1"]
[WhiteElo "1905"]
[BlackElo "2436"]
[PlyCount "82"]

1. e4 d6 2. d4 g6 3. Nc3 Bg7 4. f4 a6 5. Nf3 b5 6. Bd3 Nd7 7. O-O Bb7 8. e5 e6
9. Ne4 Bxe4 10. Bxe4 d5 11. Bd3 Bf8 12. c3 c5 13. Be3 Qc7 14. Qe2 Nb6 15. Rfc1
c4 16. Bc2 Ne7 17. Bf2 Nc6 18. Bh4 Be7 19. Bxe7 Qxe7 20. h3 Kd7 21. Nh2 h5 22.
Nf3 a5 23. b3 Rhc8 24. bxc4 Nxc4 25. Ne1 Qa3 26. Bb3 a4 27. Nc2 Qe7 28. Bxc4
bxc4 29. a3 f5 30. Nb4 g5 31. Qxh5 g4 32. hxg4 Rh8 33. Qg5 Qxg5 34. fxg5 Ne7
35. gxf5 Nxf5 36. g4 Rag8 37. gxf5 Rxg5+ 38. Kf2 Rxf5+ 39. Ke3 Rh3+ 40. Ke2
Rh2+ 41. Ke3 Rhf2 0-1

[Event "Open de Provence"]
[Site "Meyreuil"]
[Date "2009.07.11"]
[Round "8.2"]
[White "Apicella, Manuel"]
[Black "Jeanjean, Dominique"]
[Result "1-0"]
[WhiteElo "2525"]
[BlackElo "2151"]
[PlyCount "83"]

1. e4 e5 2. Nf3 Nc6 3. Bb5 f5 4. d3 fxe4 5. dxe4 Nf6 6. O-O d6 7. Nc3 Bg4 8.
Qd3 Qd7 9. Nd5 a6 10. Ba4 b5 11. Bb3 Nxd5 12. exd5 Na5 13. Ng5 Nxb3 14. axb3
Be7 15. Ne4 O-O 16. c4 c6 17. Be3 cxd5 18. cxd5 Bf5 19. f3 g5 20. g4 Bg6 21.
Kg2 Rf7 22. h3 Qb7 23. Rac1 Raf8 24. Rc6 h5 25. Bd2 hxg4 26. hxg4 Qd7 27. Qe2
Rh7 28. Nc5 dxc5 29. Rxg6+ Kf7 30. Qe4 Rfh8 31. Bxg5 Rh2+ 32. Kg1 c4 33. Rxa6
Bc5+ 34. Be3 Bxe3+ 35. Qxe3 Rh1+ 36. Kf2 R8h2+ 37. Ke1 Rxf1+ 38. Kxf1 Qxd5 39.
Qa7+ Ke8 40. Qb8+ Kf7 41. Qc7+ Ke8 42. Qc8+ 1-0

[Event "Open de Provence"]
[Site "Meyreuil"]
[Date "2009.07.11"]
[Round "8.3"]
[White "Jean, Olivier"]
[Black "Chauvet, Vincent"]
[Result "1/2-1/2"]
[WhiteElo "2217"]
[BlackElo "1904"]
[PlyCount "66"]

1. c4 c5 2. Nc3 Nc6 3. g3 d6 4. Bg2 e5 5. e3 Be7 6. d3 Nf6 7. Nge2 O-O 8. a3
Bf5 9. O-O Qd7 10. Nd5 Bh3 11. Rb1 Bxg2 12. Kxg2 Nd8 13. Nec3 Ne6 14. Qa4 Qd8
15. b4 Nd7 16. Qd1 f5 17. bxc5 dxc5 18. Nxe7+ Qxe7 19. Rxb7 Qd6 20. Rb3 f4 21.
f3 Nf6 22. e4 Rab8 23. Nd5 Nxd5 24. exd5 Nd4 25. Rxb8 Rxb8 26. Rf2 Qg6 27. Rb2
Rf8 28. g4 h5 29. h3 hxg4 30. hxg4 Qh7 31. Qf1 Qh4 32. Qf2 Qh7 33. Qf1 Qh4
1/2-1/2

[Event "Open de Provence"]
[Site "Meyreuil"]
[Date "2009.07.11"]
[Round "8.4"]
[White "Lemiere, Frederic"]
[Black "Nobili, Denis"]
[Result "1/2-1/2"]
[WhiteElo "2109"]
[BlackElo "1944"]
[PlyCount "44"]

1. d4 d5 2. c4 c6 3. e3 Bf5 4. cxd5 cxd5 5. Qb3 Qc7 6. Nc3 e6 7. Bb5+ Nc6 8.
Bd2 Bd6 9. Rc1 a6 10. Bxc6+ bxc6 11. Na4 Rb8 12. Qc3 Ne7 13. Qa5 Qxa5 14. Bxa5
Rb5 15. Bd2 O-O 16. Ne2 Rfb8 17. a3 Rb3 18. Bc3 Bd3 19. Kd2 Bb5 20. Nc5 Bxc5
21. dxc5 Bxe2 22. Kxe2 f6 1/2-1/2

[Event "Open de Provence"]
[Site "Meyreuil"]
[Date "2009.07.11"]
[Round "8.5"]
[White "Giry, Jean-Marc"]
[Black "Tholey, Jean-Paul"]
[Result "0-1"]
[WhiteElo "2006"]
[BlackElo "2008"]
[PlyCount "80"]

1. c4 e6 2. g3 d5 3. d4 Nf6 4. Bg2 Be7 5. Nf3 O-O 6. O-O dxc4 7. Ne5 c5 8. Qc2
cxd4 9. Rd1 Qc7 10. Nxc4 e5 11. Nba3 Bd7 12. Nxe5 Qxe5 13. Bf4 Qc5 14. Bxb7 Nc6
15. Bxa8 Rxa8 16. Rac1 Qxc2 17. Nxc2 Bc5 18. Ne1 Bb6 19. Nd3 Re8 20. Rc2 Nd5
21. Bd6 f6 22. Bc5 Kf7 23. Bxb6 axb6 24. a3 Na5 25. Re1 Ba4 26. Rcc1 Bb5 27.
Kf1 Nb3 28. Rc2 Bd7 29. Rd1 Re6 30. Nc1 Ba4 31. Rc4 b5 32. Rc8 Nxc1 33. Rdxc1
Bb3 34. Re1 Bc4 35. a4 d3 36. axb5 dxe2+ 37. Kg1 Bxb5 38. Rc5 Nb4 39. Rxb5 Nd3
40. Rb7+ Kg6 0-1

[Event "Open de Provence"]
[Site "Meyreuil"]
[Date "2009.07.11"]
[Round "8.6"]
[White "Flores, Francisco"]
[Black "Girard, Jean-Pierre"]
[Result "1-0"]
[WhiteElo "1810"]
[BlackElo "1938"]
[PlyCount "127"]

1. e4 c5 2. Nf3 d6 3. d4 cxd4 4. Nxd4 Nf6 5. Nc3 a6 6. Be3 e5 7. Nf3 Be7 8. Bc4
Nbd7 9. O-O b5 10. Bd5 Nxd5 11. Qxd5 Rb8 12. Rfe1 O-O 13. Rad1 b4 14. Ne2 Bb7
15. Qd3 Qc7 16. Ng3 Rfc8 17. Nf5 Nf6 18. Bg5 Bf8 19. Bxf6 gxf6 20. Rc1 Qc4 21.
Qxc4 Rxc4 22. Nd2 Rc7 23. b3 d5 24. exd5 Bxd5 25. Ne3 Be6 26. Rcd1 Bh6 27. Ndc4
Bf8 28. Nd5 Bxd5 29. Rxd5 Bc5 30. Rd3 Bd4 31. Re4 f5 32. Rh4 a5 33. Rg3+ Kh8
34. Rg5 a4 35. Rxf5 axb3 36. axb3 Ra8 37. g3 Ra2 38. Nxe5 Bxe5 39. Rxe5 Rcxc2
40. Rg4 h6 41. Rf4 Rc7 42. Rxb4 Rb2 43. Re3 Kg7 44. h4 Rbc2 45. Rf4 Rb7 46.
Rff3 Rb2 47. Rc3 Kg6 48. Kg2 Rb6 49. Rc7 f6 50. Rcc3 h5 51. Rfd3 Rb5 52. Re3
Rb6 53. Rf3 Rb1 54. Kh2 Rd6 55. Rfd3 Rb6 56. Kg2 Rb2 57. Kf3 Rb5 58. Kg2 Rf5
59. Rf3 Rb1 60. Rxf5 Kxf5 61. Kf3 Rb2 62. Rc5+ Kg6 63. Rb5 Kh6 64. Ke3 1-0

[Event "Open de Provence"]
[Site "Meyreuil"]
[Date "2009.07.11"]
[Round "8.7"]
[White "Deleau, Denis"]
[Black "Derien, Robert"]
[Result "1-0"]
[WhiteElo "2150"]
[BlackElo "1801"]
[PlyCount "91"]

1. e4 e5 2. Bc4 Nf6 3. d3 Be7 4. Nc3 c6 5. Nf3 d6 6. h3 a6 7. Bb3 Nbd7 8. a3
Nc5 9. Ba2 Be6 10. b4 Bxa2 11. bxc5 Be6 12. Rb1 Rb8 13. Bb2 Qa5 14. cxd6 Bxd6
15. O-O O-O 16. Ne2 Qc7 17. Ng3 b5 18. Nh4 g6 19. f4 exf4 20. Bxf6 fxg3 21. Nf5
Bxf5 22. Rxf5 Bf4 23. Qg4 Bh6 24. Rbf1 Bg7 25. e5 Rbe8 26. d4 Re6 27. Qh4 Rfe8
28. Bxg7 Kxg7 29. Rxf7+ Qxf7 30. Rxf7+ Kxf7 31. Qxh7+ Kf8 32. Qa7 R8e7 33. Qxa6
c5 34. Qc8+ Kf7 35. Qxc5 Ra6 36. Qc3 Rea7 37. Qxg3 Rxa3 38. Qf4+ Kg7 39. Qf6+
Kh7 40. e6 R3a6 41. d5 Rg7 42. Qh4+ Kg8 43. Qd8+ Kh7 44. e7 Ra1+ 45. Kh2 Re1
46. e8=Q 1-0

[Event "Open de Provence"]
[Site "Meyreuil"]
[Date "2009.07.11"]
[Round "8.8"]
[White "Poulain, Cedric"]
[Black "Madranges, Jean"]
[Result "1-0"]
[WhiteElo "1931"]
[BlackElo "1733"]
[PlyCount "67"]

1. Nf3 d5 2. g3 c6 3. Bg2 e6 4. O-O f5 5. d3 Bd6 6. e4 fxe4 7. dxe4 dxe4 8. Ng5
Nf6 9. Nc3 O-O 10. Ncxe4 Be7 11. Qe2 Qe8 12. Bf4 h6 13. Nf3 Nbd7 14. Nd6 Bxd6
15. Bxd6 Rf7 16. Rfe1 e5 17. Nxe5 Nxe5 18. Qxe5 Qd7 19. Rad1 Qg4 20. Rd4 Qg6
21. Bf1 Bf5 22. Bc4 Nd5 23. Rxd5 cxd5 24. Bxd5 Rd8 25. Bxf7+ Qxf7 26. c4 b6 27.
b4 Bh3 28. Qf4 Qb7 29. f3 Qc6 30. Re7 Rf8 31. Rxg7+ Kxg7 32. Bxf8+ Kg8 33. Bxh6
Qe6 34. Qf8+ 1-0

[Event "Open de Provence"]
[Site "Meyreuil"]
[Date "2009.07.11"]
[Round "8.9"]
[White "Flores, Adrian"]
[Black "Battaglia, Gerard"]
[Result "1-0"]
[WhiteElo "1680"]
[BlackElo "1912"]
[PlyCount "67"]

1. e4 e6 2. d4 d5 3. exd5 Qxd5 4. Nc3 Bb4 5. Nf3 Nf6 6. Bd2 Bxc3 7. Bxc3 O-O 8.
Ne5 Ne4 9. Bb4 Nd6 10. f3 b5 11. Bd3 f5 12. Qd2 Qxd4 13. Bc3 Qh4+ 14. g3 Qe7
15. O-O-O c5 16. Be2 Nc4 17. Nxc4 bxc4 18. Bxc4 Nc6 19. Qd6 Qxd6 20. Rxd6 Nd8
21. Rhd1 Bb7 22. Rd7 Re8 23. Rxg7+ Kf8 24. Rxh7 Bc6 25. Rd6 Rc8 26. Rxa7 Nb7
27. Rxc6 Rxc6 28. Rxb7 Re7 29. Rb8+ Kf7 30. a4 Kg6 31. a5 e5 32. a6 e4 33. fxe4
fxe4 34. Rb7 1-0

[Event "Open de Provence"]
[Site "Meyreuil"]
[Date "2009.07.11"]
[Round "8.10"]
[White "Burmonas, Romain"]
[Black "Fayette, Sylvain"]
[Result "0-1"]
[WhiteElo "1611"]
[BlackElo "2023"]
[PlyCount "110"]

1. e4 e6 2. d4 d5 3. exd5 exd5 4. Bd3 c5 5. c3 Nc6 6. Ne2 Nf6 7. Bf4 Qb6 8. Qc1
cxd4 9. cxd4 Bb4+ 10. Nbc3 O-O 11. a3 Be7 12. Be3 Bg4 13. f3 Be6 14. O-O Rac8
15. Qd2 Na5 16. Rab1 Nc4 17. Bxc4 Rxc4 18. Rfc1 Rfc8 19. b3 R4c6 20. b4 Qd8 21.
Na4 b6 22. Rxc6 Rxc6 23. Rc1 Qd7 24. Nac3 Ne8 25. Bf4 Rc4 26. Qe3 g6 27. Re1
Nd6 28. Bxd6 Bxd6 29. Kh1 a5 30. bxa5 bxa5 31. a4 Bb4 32. Rb1 Qc6 33. Nb5 Rc2
34. Ng1 Rxg2 35. Kxg2 Qc2+ 36. Qe2 Qxb1 37. Nc7 Qf5 38. Qe3 Bd6 39. Nxe6 Qxe6
40. Qxe6 fxe6 41. Nh3 h6 42. f4 Kf7 43. Kf3 Kf6 44. Nf2 Kf5 45. Nd3 g5 46. fxg5
Kxg5 47. h3 Kh4 48. Nc5 e5 49. Nb7 e4+ 50. Ke3 Bc7 51. Nc5 Kxh3 52. Nd7 Bd8 53.
Ne5 Kg3 54. Nc6 Bg5+ 55. Ke2 h5 0-1

[Event "Open de Provence"]
[Site "Meyreuil"]
[Date "2009.07.11"]
[Round "8.11"]
[White "Baquer, Marc"]
[Black "Loysel, Yves"]
[Result "1-0"]
[WhiteElo "1807"]
[BlackElo "1870"]
[PlyCount "91"]

1. d4 f5 2. Bg5 Nf6 3. Nd2 e6 4. e3 Be7 5. Bd3 O-O 6. Ngf3 d6 7. Qe2 Nc6 8. c3
Bd7 9. O-O-O a5 10. h4 a4 11. Bxf6 Bxf6 12. e4 a3 13. b3 e5 14. Bc4+ Kh8 15.
Ng5 Bxg5 16. hxg5 g6 17. Rh6 Kg7 18. Rdh1 Rh8 19. exf5 Bxf5 20. g4 Bd7 21. d5
Ne7 22. Ne4 Ng8 23. R6h4 Qf8 24. Qe3 Qf4 25. Qxf4 exf4 26. f3 Rf8 27. Bd3 Be8
28. c4 Rf7 29. c5 dxc5 30. Nxc5 Ne7 31. Ne6+ Kg8 32. Nxc7 Kf8 33. Bc4 b5 34.
Bd3 Bd7 35. d6 Nc8 36. Bxg6 Rg7 37. Bf5 Nxd6 38. Bxd7 Rxd7 39. Ne6+ Kg8 40. g6
Ne8 41. Nxf4 Nf6 42. Ne6 Ne8 43. Rxh7 Rhxh7 44. Rxh7 Rd6 45. Re7 Nf6 46. g5 1-0

[Event "Open de Provence"]
[Site "Meyreuil"]
[Date "2009.07.11"]
[Round "8.12"]
[White "Sartre, Guilhem"]
[Black "Vallette, Patrick"]
[Result "1/2-1/2"]
[WhiteElo "1677"]
[BlackElo "1855"]
[PlyCount "59"]

1. d4 b6 2. e4 e6 3. c4 Bb7 4. Bd3 f5 5. d5 fxe4 6. Bxe4 Nf6 7. Bg5 Bb4+ 8. Nd2
O-O 9. Bf3 h6 10. Bxf6 Qxf6 11. a3 Bxd2+ 12. Qxd2 Na6 13. dxe6 Qxe6+ 14. Qe2
Qxe2+ 15. Kxe2 Rae8+ 16. Kd2 Bxf3 17. Nxf3 Nc5 18. Raf1 Rf6 19. Re1 Ne4+ 20.
Kc2 Ree6 21. Re2 g5 22. Rf1 Nd6 23. Rxe6 Rxe6 24. Kd3 Kf7 25. Rc1 c5 26. h3 Kf6
27. Rd1 Ne4 28. Kc2 d6 29. Nd2 Nxd2 30. Rxd2 1/2-1/2

[Event "Open de Provence"]
[Site "Meyreuil"]
[Date "2009.07.11"]
[Round "8.13"]
[White "Navarro, Bertrand"]
[Black "Madranges, Julien"]
[Result "1-0"]
[WhiteElo "1790"]
[BlackElo "1904"]
[PlyCount "67"]

1. e4 d5 2. exd5 Qxd5 3. Nc3 Qa5 4. d4 Bf5 5. Bd2 c6 6. Nf3 Nf6 7. Bc4 e6 8.
Qe2 Bb4 9. O-O O-O 10. a3 Bxc3 11. Bxc3 Qc7 12. Rad1 Nbd7 13. Bd3 Bg4 14. Rfe1
Nb6 15. h3 Bh5 16. g4 Bg6 17. Ne5 Bxd3 18. Rxd3 Nfd5 19. Bd2 Rad8 20. c4 Ne7
21. Ba5 c5 22. dxc5 Qxc5 23. Bb4 Qc7 24. Rxd8 Qxd8 25. Rd1 Qc7 26. Bd6 Qd8 27.
Bc5 Qc7 28. Bxb6 Qxb6 29. Nd7 Qc7 30. Nxf8 Kxf8 31. Qd3 g6 32. Qd8+ Qxd8 33.
Rxd8+ Kg7 34. Rd7 1-0

[Event "Open de Provence"]
[Site "Meyreuil"]
[Date "2009.07.11"]
[Round "8.14"]
[White "Colandrea, Sauveur"]
[Black "Nicolai, Eric"]
[Result "0-1"]
[WhiteElo "1901"]
[BlackElo "1700"]
[PlyCount "96"]

1. e4 e6 2. d4 d5 3. Nc3 Nf6 4. Bd3 c5 5. exd5 Nxd5 6. Nf3 Nxc3 7. bxc3 Bd7 8.
O-O Bc6 9. Ne5 g6 10. Rb1 b6 11. Nxc6 Nxc6 12. Bb5 Qc7 13. Qf3 Rc8 14. d5 exd5
15. Re1+ Be7 16. Bg5 O-O 17. Rxe7 Nxe7 18. Qf6 Nc6 19. h4 Qe5 20. Qf3 Ne7 21.
g4 f6 22. Bf4 Qe4 23. Qg3 g5 24. Bd6 gxh4 25. Qh2 Qxg4+ 26. Kf1 Rf7 27. Be2 Qd7
28. Bb5 Qg4 29. Be2 Qg7 30. Bd3 c4 31. Be2 Kh8 32. Bf3 Rd8 33. Bh5 Nf5 34. Ba3
Rfd7 35. Re1 Qg5 36. Be8 Rg7 37. Bc1 Qg4 38. Ba3 h3 39. Bc6 h5 40. Be8 Qg2+ 41.
Qxg2 hxg2+ 42. Kg1 h4 43. Bh5 h3 44. f3 Rg5 45. Bg4 Nh4 46. Be7 h2+ 47. Kxh2
Rxg4 48. Bxf6+ Kg8 0-1

[Event "Open de Provence"]
[Site "Meyreuil"]
[Date "2009.07.11"]
[Round "8.15"]
[White "Vighetti, Patrice"]
[Black "Del Vecchio, Alain"]
[Result "0-1"]
[WhiteElo "1690"]
[BlackElo "1900"]
[PlyCount "84"]

1. d4 f5 2. Nf3 d6 3. Bf4 Nf6 4. e3 g6 5. h4 h6 6. Bc4 e6 7. Nbd2 Bg7 8. Qe2
Nc6 9. c3 Bd7 10. e4 Qe7 11. exf5 gxf5 12. O-O-O O-O-O 13. Rde1 Rhe8 14. Bb5
Nb8 15. Kb1 Ng4 16. Bxd7+ Nxd7 17. Nc4 e5 18. dxe5 dxe5 19. g3 Qc5 20. Be3 Nxe3
21. Nxe3 e4 22. Nd2 Re6 23. Nb3 Qe5 24. Nd4 Rf6 25. Qh5 Rdf8 26. Ng2 c5 27. Nb3
c4 28. Nd4 Nc5 29. Nf4 Nd3 30. Nxd3 cxd3 31. Qd1 Rb6 32. f3 Qc5 33. Nb3 Qd5 34.
fxe4 Qb5 35. h5 a5 36. Qd2 a4 37. Nd4 Qc4 38. Nxf5 a3 39. b3 Rxb3+ 40. axb3
Qxb3+ 41. Kc1 a2 42. Qb2 a1=Q+ 0-1

[Event "Open de Provence"]
[Site "Meyreuil"]
[Date "2009.07.11"]
[Round "8.16"]
[White "Estevez, Ange"]
[Black "Maury, Claude"]
[Result "0-1"]
[WhiteElo "1640"]
[BlackElo "1883"]
[PlyCount "105"]

1. e4 e6 2. d4 d5 3. Nc3 Nf6 4. Bg5 Bb4 5. e5 h6 6. exf6 hxg5 7. fxg7 Bxc3+ 8.
bxc3 Rg8 9. Nf3 Qf6 10. Ne5 Qxg7 11. Be2 Nd7 12. Nxd7 Bxd7 13. Rb1 b6 14. Qd3
f5 15. Bh5+ Ke7 16. g4 f4 17. f3 a6 18. c4 Bc6 19. Kd2 Be8 20. Qa3+ Kd8 21. Qd3
Bxh5 22. gxh5 dxc4 23. Qxc4 Qd7 24. Kc1 Qd5 25. Qxd5+ exd5 26. Re1 Re8 27. Kb2
Kd7 28. c3 Kd6 29. Kc2 Rh8 30. Re2 Rxh5 31. Rbe1 Rah8 32. Rh1 Rh3 33. Rf2 Re8
34. Rg1 Rg8 35. Rg4 c5 36. dxc5+ Kxc5 37. Kb3 b5 38. a3 d4 39. Rg1 a5 40. Rd1
dxc3 41. Kxc3 Re8 42. Kb2 Re6 43. Rg1 Re5 44. Rc1+ Kb6 45. Rg1 a4 46. Ka2 Rh6
47. Rfg2 Re3 48. Rf1 Rd6 49. Rxg5 Rd2+ 50. Kb1 Rxh2 51. Rg6+ Ka5 52. Rf6 Rxa3
53. Rd1 0-1

[Event "Open de Provence"]
[Site "Meyreuil"]
[Date "2009.07.11"]
[Round "8.17"]
[White "Noireaut, Hung"]
[Black "Scamaroni, Jean-Paul"]
[Result "1-0"]
[WhiteElo "1746"]
[BlackElo "1830"]
[PlyCount "49"]

1. e4 c5 2. Nc3 Nc6 3. g3 e6 4. Bg2 a6 5. d3 Nf6 6. Be3 d6 7. h3 Be7 8. Qd2 Bd7
9. f4 Rb8 10. Nf3 Qc7 11. O-O b5 12. g4 b4 13. Ne2 O-O 14. Ng3 Rfd8 15. f5 Ne5
16. g5 Nxf3+ 17. Rxf3 Ne8 18. f6 gxf6 19. gxf6 Bxf6 20. Nh5 Bxb2 21. Rg3+ Kh8
22. Bh6 f6 23. Bg7+ Nxg7 24. Rxg7 Rg8 25. Qh6 1-0